000 00521nam a2200181Ia 4500
005 20250508153204.0
008 008 250505s9999 xx 000 0 eng d
037 _aTextual
040 _aFEDL
_beng
_cFEDL
041 _aeng
_2eng
084 _a726, MAC
_qFEDL
100 _aMacshane Frank
245 0 _aMany golden ages ruins. Temples and monuments of the orient
260 _aLondon, UK
_bPrentice-Hall International
_c1963
300 _a264p.
942 _cTEXL
_h726, MAC
999 _c1341126
_d1341126